[Event "Ricany op"]
[Site "Ricany"]
[Date "2023.08.31"]
[Round "7"]
[White "Sadil, Pavel"]
[Black "Dudkova, Josefina"]
[Result "0-1"]
[WhiteElo "1615"]
[BlackElo "1587"]
[PlyCount "54"]
[EventDate "2023.08.26"]
[EventType "swiss"]
[EventRounds "9"]
[EventCountry "CZE"]
[SourceTitle "EXT 2024"]
[Source "ChessBase"]
[SourceDate "2023.10.10"]
[SourceVersion "1"]
[SourceVersionDate "2023.10.10"]
[SourceQuality "1"]

1. d4 Nf6 2. Nf3 g6 3. e3 Bg7 4. c3 0-0 5. Bd3 d5 6. 0-0 c5 7. Nbd2 Qc7 8. dxc5 Bf5 9. Qc2 Bxd3 10. Qxd3 Nbd7 11. b4 a5 12. Bb2 Rfd8 13. Qc2 b6 14. cxb6 Nxb6 15. a3 Nc4 16. Nxc4 Qxc4 17. Nd2 Qc6 18. Rfc1 Rac8 19. Qb3 Ng4 20. Nf3 Qc4 21. Qxc4 Rxc4 22. a4 axb4 23. a5 bxc3 24. Ba3 e6 25. Rc2 Ra4 26. Raa2 Rb8 27. h3 Rb1+ 0-1